00378nam a2200157Ia 45000010006000000050017000060080041000230410008000640820015000721000037000872450043001242600009001673000028001766500008002046540008002121694920260306170348.0260306t2000||||xx |||||||||||||| ||und|| aESP a657.3bS52 aSierra Molina, Guillermo J.eAUT 0aFundamentos de contabilidad financiera c2000 a277 páginas :c24 cm. aGEN aCCO